An introduction to programming using Java / (Record no. 189245)

000 -LEADER
fixed length control field 01364 a2200229 4500
003 - CONTROL NUMBER IDENTIFIER
control field Nust
005 - DATE AND TIME OF LATEST TRANSACTION
control field 20230415102818.0
010 ## - LIBRARY OF CONGRESS CONTROL NUMBER
LC control number 2010030853
020 ## - INTERNATIONAL STANDARD BOOK NUMBER
International Standard Book Number 0763790605 (pbk.)
020 ## - INTERNATIONAL STANDARD BOOK NUMBER
International Standard Book Number 9780763790608 (pbk.)
035 ## - SYSTEM CONTROL NUMBER
System control number (OCoLC)ocn617524632
040 ## - CATALOGING SOURCE
Transcribing agency Nust
082 00 - DEWEY DECIMAL CLASSIFICATION NUMBER
Classification number 005.133,REI
100 1# - MAIN ENTRY--PERSONAL NAME
Personal name Dos Reis, Anthony J.
9 (RLIN) 111923
245 13 - TITLE STATEMENT
Title An introduction to programming using Java /
Statement of responsibility, etc. Anthony J. Dos Reis, Laura L. Dos Reis.
260 ## - PUBLICATION, DISTRIBUTION, ETC.
Place of publication, distribution, etc. Sudbury, MA :
Name of publisher, distributor, etc. Jones & Bartlett Learning,
Date of publication, distribution, etc. c2012.
300 ## - PHYSICAL DESCRIPTION
Extent xiii, 448 p. :
Other physical details ill. ;
Dimensions 24 cm.
505 ## - FORMATTED CONTENTS NOTE
Formatted contents note Two Simple Java Programs (Pge-1), Constants, Variables and Operators (Pge-25), Primitive Types and Casts (Page-43), if,if-else, and while Statements (Page-61), Calling Methods (Page-85), Constructing Objects: Part-1 (Page-109), Constructing Objects: Part 2 (Page-143), Using Predefined Classes (Page-165), Arrays, ArrayLists, Sorting, and Searching (Page-201), Inheritance: Part 1 (Page-2390, Inheritance: Part 2 (Page-275), Exception Handling (Page-301), File Processing (Page-319), Recursive Methods (Page-335), Linked Data Structures (Page-353), Generic Programming: Part 1 (Page-371), Generic Programming: Part 2 (Page-389), Graphical User Interfaces and Applets (Page-409).
650 #0 - SUBJECT ADDED ENTRY--TOPICAL TERM
Topical term or geographic name entry element Java (Computer program language)
9 (RLIN) 8017
700 1# - ADDED ENTRY--PERSONAL NAME
Personal name Dos Reis, Laura L.
9 (RLIN) 111924
942 ## - ADDED ENTRY ELEMENTS (KOHA)
Source of classification or shelving scheme
Koha item type Book
Holdings
Withdrawn status Lost status Source of classification or shelving scheme Damaged status Not for loan Permanent Location Current Location Shelving location Date acquired Total Checkouts Full call number Barcode Date last seen Date last checked out Price effective from Koha item type Public note
          Military College of Signals (MCS) Military College of Signals (MCS) General Stacks 12/12/2016 5 005.133,REI MCS35022 03/22/2025 02/20/2025 12/12/2016 Book Almirah No.5, Shelf No.2
© 2023 Central Library, National University of Sciences and Technology. All Rights Reserved.